Migračná politika v podmienkach SR

Zásady migračnej politiky Slovenskej republiky a nástroje uplatňované v rámci tejto problematiky. Komplexnosť a zložitosť problematiky migrácie a prijímania vhodných opatrení. Využitie dokumentu Koncepcia migračnej politiky Slovenskej republiky.

Guardado en:
Detalles Bibliográficos
Autor principal: Vongrej, Marián
Otros Autores: Jurčák, Matej
Formato: Capítulo de libro
Lenguaje:eslovaco
Materias:
Etiquetas: Agregar Etiqueta
Sin Etiquetas, Sea el primero en etiquetar este registro!

MARC

LEADER 00000nla a2200000 4500
001 0179441
005 20240502073041.2
041 0 |a slo 
044 |a SK 
245 1 0 |a Migračná politika v podmienkach SR  |c Marián Vongrej, Matej Jurčák 
520 |a Zásady migračnej politiky Slovenskej republiky a nástroje uplatňované v rámci tejto problematiky. Komplexnosť a zložitosť problematiky migrácie a prijímania vhodných opatrení. Využitie dokumentu Koncepcia migračnej politiky Slovenskej republiky. 
610 2 0 |a Slovensko 
610 2 0 |a politika azylová 
610 2 0 |a cudzinci 
610 2 0 |a migrácia 
610 2 0 |a migrácia nelegálna 
610 2 0 |a práva ľudské 
610 2 0 |a zákony 
610 2 0 |a ratifikácia 
100 1 |a Vongrej, Marián 
700 1 |a Jurčák, Matej